• 首页
  • 本馆介绍
  • 公告通知
  • 最新文献
  • 馆藏检索
  • 电子资源
  • 读者导购
  • 参考咨询
  • 我的图书馆
  • 登录
  • 详细信息显示
  • 放入我的书架
  • 预约/预借图书
  • 作者相关作品
  • 分类相关作品
  • 丛书相关作品
  • 出版社相关作品

书目信息

  • 表格格式
  • 工作单格式
  • 卡片格式
题名:
四部总录艺术编
    
 
作者: 丁福保 , 周云青 编
分册: 第二册  
出版信息: 北京   文物出版社  1984
页数: 807页
开本: 20*12cm
丛书名:
单 册:
中图分类: Z838
科图分类:
主题词: 目录--类型
电子资源:
ISBN:
000 00782nam0 2200241 450
001 0660992671
005 20061023170140.85
010    @b线装@dCNY38.00(全套)
100    @a20061023d1984 km y0chiy0120 ea
101 0  @achi
102    @aCN@b110000
200 1  @a四部总录艺术编@e书画、法贴、版画册@h第二册@Asi bu zong lu yi shu bian@f丁福保,周云青编@Fding fu bao,zhou yun qing bian
210    @a北京@c文物出版社@d1984
215    @a807页@d20*12cm
300    @a第一至第四册为一函,共一函,线装
305    @a本书系用1957年商务印书馆纸型重印
517 1  @a书画、法贴、版画册@Ashu hua、fa tie、ban hua ce
606 0  @a目录@x类型
690    @aZ838@v3
701  0 @a丁福保@Ading fu bao@4编
701  0 @a周云青@Azhou yun qing@4编
801  0 @aCN@bPFT@c20061023
905    @a10447@dZ838@e12:2
    
    四部总录艺术编:书画、法贴、版画册.第二册/丁福保,周云青编.-北京:文物出版社,1984
    807页;20*12cm
    第一至第四册为一函,共一函,线装
    
    ISBN (线装):CNY38.00(全套)
    
●
相关链接 在E读中查询图书 在五车中查询图书 在当当中查询图书 在豆瓣中查询图书


正题名:四部总录艺术编     索取号:Z838/12:2         预约/预借

序号 登录号 条形码 馆藏地/架位号 状态 备注
1 0222941   202374402   古籍典藏专区/ [索取号:Z838/12:2] 在馆    
2 0222945   202374368   古籍典藏专区/ [索取号:Z838/12:2] 在馆    
唐山师范学院图书馆 欢迎您!
大连网信软件有限公司© 版权所有